000 nam a22 7a 4500
999 _c7853
_d7853
008 171028b xxu||||| |||| 00| 0 eng d
100 _aWard Jack A
_94298
245 _aBiology today and tomorrow
260 _aNew York
_bWest Publishing Company
_c1984